000 00524nam a22001577a 4500
003 NUST
082 _a629.8
100 _aAbdullah ,Muhammad
_924272
245 _aHuman Reliability Analysis using AI /
_cMuhammad Abdullah
264 _aIslamabad:
_bSMME- NUST.
_c2024.
300 _a87p. ;
_bSoft Copy,
_c30cm.
650 _aMS Robotics and Intelligent Machine Engineering
_9119486
700 _aSupervisor: Dr. Yasar Ayaz
_9119961
856 _uhttp://10.250.8.41:8080/xmlui/handle/123456789/47963
942 _2ddc
_cTHE
999 _c612335
_d612335